[Event "Rhein Main op-B 25th"]
[Site "Bad Homburg"]
[Date "2023.06.10"]
[Round "6"]
[White "Hensel, Roman"]
[Black "Tobias, Christian"]
[Result "1-0"]
[WhiteElo "847"]
[BlackElo "1453"]
[PlyCount "83"]
[EventDate "2023.06.07"]
[EventType "swiss"]
[EventRounds "7"]
[EventCountry "GER"]
[SourceTitle "CBM 215 Extra"]
[Source "ChessBase"]
[SourceDate "2023.09.30"]
[SourceVersion "1"]
[SourceVersionDate "2023.09.30"]
[SourceQuality "1"]

1. d4 d5 2. c4 e6 3. Nf3 Nf6 4. Nc3 c6 5. e3 Bd6 6. Be2 0-0 7. b3 Nbd7 8. Bb2 Re8 9. 0-0 e5 10. dxe5 Nxe5 11. cxd5 cxd5 12. Nxd5 Bg4 13. Nxf6+ Qxf6 14. Nxe5 Bxe2 15. Qxe2 Bxe5 16. Bxe5 Qxe5 17. Rad1 Rad8 18. Qf3 Qc7 19. Rc1 Qe7 20. Rc2 Rc8 21. Rfc1 Rxc2 22. Rxc2 Qb4 23. g3 a5 24. Rc7 f6 25. Qxb7 Qxb7 26. Rxb7 Rd8 27. Ra7 Rd5 28. Kf1 h6 29. Ke2 Rc5 30. Kd3 Kh7 31. a3 h5 32. b4 axb4 33. axb4 Rc1 34. Ra2 g5 35. Rb2 Kg6 36. f4 g4 37. b5 Kf5 38. b6 Rc8 39. b7 Rb8 40. e4+ Ke6 41. Rb6+ Ke7 42. Kc4 1-0

[Event "Rhein Main op-B 25th"]
[Site "Bad Homburg"]
[Date "2023.06.07"]
[Round "1"]
[White "Tobias, Christian"]
[Black "Weber, Simon"]
[Result "0-1"]
[WhiteElo "1453"]
[BlackElo "1782"]
[PlyCount "48"]
[EventDate "2023.06.07"]
[EventType "swiss"]
[EventRounds "7"]
[EventCountry "GER"]
[SourceTitle "CBM 215 Extra"]
[Source "ChessBase"]
[SourceDate "2023.09.30"]
[SourceVersion "1"]
[SourceVersionDate "2023.09.30"]
[SourceQuality "1"]

1. e4 d5 2. exd5 Qxd5 3. Nc3 Qd8 4. d4 Nf6 5. Nf3 Bg4 6. Be2 e6 7. h3 Bxf3 8. Bxf3 c6 9. Be3 Nbd7 10. Ne2 Nd5 11. c3 Bd6 12. Qd2 a5 13. a4 Nxe3 14. fxe3 Qh4+ 15. Kd1 Nb6 16. b3 0-0 17. Qe1 Qg5 18. Qf2 Nd5 19. Bxd5 exd5 20. Nf4 Rae8 21. Kd2 Rxe3 22. Kxe3 Re8+ 23. Kd3 Qf5+ 24. Kd2 Bxf4+ 0-1

[Event "Rhein Main op-B 24th"]
[Site "Bad Homburg"]
[Date "2022.06.17"]
[Round "4"]
[White "Tobias, Christian"]
[Black "Bernig Le Duigou, Vincent"]
[Result "0-1"]
[WhiteElo "1452"]
[BlackElo "1222"]
[PlyCount "86"]
[EventDate "2022.06.15"]
[EventType "swiss"]
[EventRounds "7"]
[EventCountry "GER"]
[SourceTitle "EXT 2023"]
[Source "ChessBase"]
[SourceDate "2022.10.05"]
[SourceVersion "1"]
[SourceVersionDate "2022.10.05"]
[SourceQuality "1"]

1. d4 d5 2. Bf4 e6 3. e3 Nf6 4. Nf3 c5 5. Nbd2 Nc6 6. c3 Bd6 7. Bg3 0-0 8. Bd3 Re8 9. Ne5 Bxe5 10. dxe5 Nd7 11. f4 Qb6 12. Qb3 Qxb3 13. axb3 f6 14. exf6 Nxf6 15. 0-0 e5 16. Bb5 e4 17. Bxc6 bxc6 18. Ra5 Nd7 19. Re1 a6 20. Bf2 Rb8 21. Ra3 c4 22. b4 c5 23. Ra5 Rb5 24. Rxb5 axb5 25. bxc5 Nxc5 26. h3 Re6 27. Ra1 Ra6 28. Rxa6 Bxa6 29. g4 Na4 30. b3 Nxc3 31. bxc4 dxc4 32. Be1 b4 33. Kf2 Kf7 34. Kg3 Ke6 35. g5 Kf5 36. h4 g6 37. h5 Nd5 38. hxg6 hxg6 39. Kf2 Bb5 40. Nf1 b3 41. Ng3+ Ke6 42. Nxe4 b2 43. Nd2 c3 0-1

[Event "Rhein Main op-B 24th"]
[Site "Bad Homburg"]
[Date "2022.06.16"]
[Round "2"]
[White "Tobias, Christian"]
[Black "Browning, Karin"]
[Result "1-0"]
[WhiteElo "1452"]
[BlackElo "938"]
[PlyCount "67"]
[EventDate "2022.06.15"]
[EventType "swiss"]
[EventRounds "7"]
[EventCountry "GER"]
[SourceTitle "EXT 2023"]
[Source "ChessBase"]
[SourceDate "2022.10.05"]
[SourceVersion "1"]
[SourceVersionDate "2022.10.05"]
[SourceQuality "1"]

1. e4 e6 2. d4 b6 3. Nf3 Bb7 4. Nc3 Bb4 5. Bd3 d5 6. e5 Ne7 7. a3 Bxc3+ 8. bxc3 Nd7 9. 0-0 h6 10. a4 a5 11. Bd2 c5 12. Rb1 c4 13. Be2 Ng6 14. h3 Qe7 15. Nh2 Bc6 16. Ra1 0-0 17. f4 f5 18. exf6 Nxf6 19. f5 exf5 20. Rxf5 Qd7 21. Rf1 Ne4 22. Bg4 Rxf1+ 23. Nxf1 Qf7 24. Qf3 Qxf3 25. Bxf3 Nxd2 26. Nxd2 Rb8 27. Re1 b5 28. Re6 Re8 29. Rxc6 Re1+ 30. Kf2 Re7 31. Bxd5+ Kh7 32. axb5 Rb7 33. Bxc4 a4 34. Ra6 1-0

[Event "Heusenstamm Sparkassen op-B 6th"]
[Site "Heusenstamm"]
[Date "2019.11.23"]
[Round "4"]
[White "Suliga, Eckhard"]
[Black "Tobias, Christian"]
[Result "1-0"]
[WhiteElo "1656"]
[BlackElo "1354"]
[PlyCount "57"]
[EventDate "2019.11.21"]
[EventType "swiss"]
[EventRounds "7"]
[EventCountry "GER"]
[SourceTitle "CBM 194 Extra"]
[Source "ChessBase"]
[SourceDate "2020.03.31"]
[SourceVersion "1"]
[SourceVersionDate "2020.03.31"]
[SourceQuality "1"]

1. e4 e5 2. Nf3 Nc6 3. Bb5 a6 4. Bxc6 dxc6 5. 0-0 f6 6. d4 exd4 7. Nxd4 c5 8. Nb3 Qxd1 9. Rxd1 Bd7 10. Be3 b6 11. Nc3 0-0-0 12. Rd2 Bd6 13. Nd5 Ne7 14. Nxb6+ cxb6 15. Rxd6 Bc6 16. Rxd8+ Rxd8 17. f3 g5 18. Kf2 h6 19. h4 Ng6 20. hxg5 hxg5 21. Rh1 Ne5 22. Nd2 Bd7 23. Rh6 Rf8 24. b3 Kc7 25. Ke2 Be6 26. Bxg5 fxg5 27. Rxe6 Nf7 28. Rf6 a5 29. e5 1-0

[Event "Rhein Main op-B 22nd"]
[Site "Bad Homburg"]
[Date "2019.06.23"]
[Round "7"]
[White "Tobias, Christian"]
[Black "Tracy, Eliszabeth"]
[Result "0-1"]
[WhiteElo "1372"]
[BlackElo "1449"]
[PlyCount "84"]
[EventDate "2019.06.19"]
[EventType "swiss"]
[EventRounds "7"]
[EventCountry "GER"]
[SourceTitle "EXT 2020"]
[Source "ChessBase"]
[SourceDate "2019.10.17"]
[SourceVersion "1"]
[SourceVersionDate "2019.10.17"]
[SourceQuality "1"]

1. e4 e5 2. Nf3 Nf6 3. Nc3 Nc6 4. d4 exd4 5. Nxd4 Bb4 6. Nxc6 bxc6 7. Bd2 0-0 8. Bc4 Re8 9. Bd3 Bxc3 10. Bxc3 Nxe4 11. 0-0 Nxc3 12. bxc3 Qf6 13. c4 d5 14. cxd5 cxd5 15. Qh5 h6 16. Qxd5 Be6 17. Qc5 Qe7 18. Qxe7 Rxe7 19. Rfe1 Ree8 20. f4 Red8 21. a3 Kf8 22. Rab1 Rab8 23. Rb4 Bd5 24. g3 Rb6 25. h4 Rdb8 26. Rxb6 Rxb6 27. a4 Rb4 28. Kf2 Rxa4 29. Bb5 Re4 30. Rxe4 Bxe4 31. c3 Ke7 32. Ke3 Bb7 33. Bd3 Kd6 34. Kd4 c5+ 35. Ke3 a5 36. Bb5 Bc6 37. Bxc6 Kxc6 38. c4 a4 39. Kd3 Kb6 40. Kc3 Ka5 41. f5 h5 42. Kb2 Kb4 0-1

[Event "Rhein Main op-B 22nd"]
[Site "Bad Homburg"]
[Date "2019.06.20"]
[Round "3"]
[White "Doell Hentschker, Susanne"]
[Black "Tobias, Christian"]
[Result "1/2-1/2"]
[WhiteElo "1229"]
[BlackElo "1372"]
[PlyCount "45"]
[EventDate "2019.06.19"]
[EventType "swiss"]
[EventRounds "7"]
[EventCountry "GER"]
[SourceTitle "EXT 2020"]
[Source "ChessBase"]
[SourceDate "2019.10.17"]
[SourceVersion "1"]
[SourceVersionDate "2019.10.17"]
[SourceQuality "1"]

1. d4 d6 2. Nf3 g6 3. Bf4 Bg7 4. e3 Nd7 5. Nbd2 e5 6. dxe5 dxe5 7. Bg3 Nh6 8. e4 0-0 9. h3 b6 10. Rb1 Nc5 11. b4 Nd7 12. Bc4 Kh8 13. a4 c5 14. b5 a6 15. 0-0 axb5 16. axb5 f5 17. Qe2 Re8 18. Bh4 Qc7 19. exf5 Nxf5 20. Ne4 Nxh4 21. Nxh4 Nf6 22. Rfd1 Bb7 23. f3 1/2-1/2

[Event "Rhein Main op-B 22nd"]
[Site "Bad Homburg"]
[Date "2019.06.20"]
[Round "2"]
[White "Tobias, Christian"]
[Black "Fernandez Egea, Andres"]
[Result "0-1"]
[WhiteElo "1372"]
[BlackElo "1853"]
[PlyCount "74"]
[EventDate "2019.06.19"]
[EventType "swiss"]
[EventRounds "7"]
[EventCountry "GER"]
[SourceTitle "EXT 2020"]
[Source "ChessBase"]
[SourceDate "2019.10.17"]
[SourceVersion "1"]
[SourceVersionDate "2019.10.17"]
[SourceQuality "1"]

1. e4 e5 2. Nf3 Nc6 3. d4 exd4 4. Bc4 Nf6 5. e5 d5 6. Bb5 Ne4 7. 0-0 Bd7 8. Re1 Be7 9. c4 dxc3 10. Qxd5 Nc5 11. Nxc3 0-0 12. b4 Nxb4 13. Qd2 Bxb5 14. Qxd8 Bxd8 15. Ba3 Ncd3 16. Bxb4 c5 17. Bxc5 Nxe1 18. Rxe1 Bc6 19. Bxf8 Kxf8 20. Nd4 Ba5 21. Rc1 Bd7 22. Ne4 Bb6 23. Nf3 Bc6 24. Ned2 Rd8 25. Kf1 h6 26. Ke2 Bb5+ 27. Nc4 g5 28. Nfd2 Rd5 29. Kf3 Bd4 30. Ke4 Bc6 31. Ne3 Rd7+ 32. Rxc6 bxc6 33. Ndc4 Bxe3 34. Kxe3 Ke7 35. f4 gxf4+ 36. Ke4 f6 37. Kf5 Rd5 0-1

[Event "Heusenstamm Sparkassen op-B 5th"]
[Site "Heusenstamm"]
[Date "2018.11.25"]
[Round "7"]
[White "Tobias, Christian"]
[Black "Laznik, Zeljko"]
[Result "1-0"]
[WhiteElo "1416"]
[BlackElo "1523"]
[PlyCount "65"]
[EventDate "2018.11.22"]
[EventType "swiss"]
[EventRounds "7"]
[EventCountry "GER"]
[SourceTitle "CBM 187 Extra"]
[Source "ChessBase"]
[SourceDate "2018.11.04"]
[SourceVersion "1"]
[SourceVersionDate "2018.11.04"]
[SourceQuality "1"]

1. e4 e5 2. Nf3 Nc6 3. Bc4 h6 4. c3 d6 5. d4 Nf6 6. Nbd2 a6 7. 0-0 Bg4 8. dxe5 Nxe5 9. Bb3 Be7 10. Qe2 0-0 11. Qe3 Nfd7 12. Nxe5 Nxe5 13. Re1 Bg5 14. f4 Bh4 15. g3 Nd3 16. Qxd3 Be7 17. Bc2 Qd7 18. Nc4 f5 19. Ne5 Qc8 20. Nxg4 h5 21. exf5 Bf6 22. Nxf6+ gxf6 23. Qf3 Re8 24. Rxe8+ Qxe8 25. Qd5+ Kg7 26. Qe6 Qc6 27. Qe4 Qb6+ 28. Be3 Qb5 29. Qe7+ Kg8 30. Bb3+ d5 31. Qxf6 Qd7 32. Qe6+ Qxe6 33. fxe6 1-0

[Event "Heusenstamm Sparkassen op-B 4th"]
[Site "Heusenstamm"]
[Date "2017.11.25"]
[Round "4"]
[White "Spill, Werner"]
[Black "Tobias, Christian"]
[Result "1-0"]
[WhiteElo "1372"]
[BlackElo "1457"]
[PlyCount "49"]
[EventDate "2017.11.23"]
[EventType "swiss"]
[EventRounds "7"]
[EventCountry "GER"]
[SourceTitle "EXT 2019"]
[Source "ChessBase"]
[SourceDate "2018.10.10"]
[SourceVersion "1"]
[SourceVersionDate "2018.10.10"]
[SourceQuality "1"]

1. b3 e5 2. Bb2 Nc6 3. e3 Bc5 4. Bb5 a6 5. Bxc6 bxc6 6. Bxe5 Nf6 7. Bb2 0-0 8. Ne2 Bb6 9. 0-0 d5 10. Ng3 d4 11. Qf3 Bb7 12. Nf5 g6 13. Nxd4 c5 14. Qxb7 cxd4 15. Qf3 c5 16. Na3 Re8 17. Nc4 Ba7 18. exd4 cxd4 19. Rae1 Re6 20. Rxe6 fxe6 21. Re1 Nd5 22. Rxe6 Qd7 23. Rd6 Qe7 24. Qxd5+ Kf8 25. Re6 1-0

[Event "Rhein Main op-B 18th"]
[Site "Bad Homburg"]
[Date "2015.06.06"]
[Round "6"]
[White "Dietrich, Klaus"]
[Black "Tobias, Christian"]
[Result "0-1"]
[WhiteElo "768"]
[BlackElo "1230"]
[PlyCount "88"]
[EventDate "2015.06.03"]
[EventType "swiss"]
[EventRounds "7"]
[EventCountry "GER"]
[SourceTitle "CBM 167 Extra"]
[Source "ChessBase"]
[SourceDate "2015.09.14"]
[SourceVersion "1"]
[SourceVersionDate "2015.09.14"]
[SourceQuality "1"]

1. e4 e5 2. Nf3 Nc6 3. Nc3 Bc5 4. d3 Nf6 5. Be3 d6 6. Bxc5 dxc5 7. g3 Bg4 8. Bg2 0-0 9. 0-0 Nd4 10. a3 Qd7 11. Nxe5 Bxd1 12. Nxd7 Nxd7 13. Raxd1 Nxc2 14. Bh3 Ne5 15. Rd2 Nf3+ 16. Kg2 Nxd2 17. Rd1 Nb3 18. Nd5 c6 19. Ne7+ Kh8 20. Nf5 Rad8 21. Bg4 c4 22. dxc4 Rxd1 23. Bxd1 Ncd4 24. Nxd4 Nxd4 25. f3 b5 26. cxb5 cxb5 27. Kf2 Rc8 28. f4 g6 29. Ke3 Ne6 30. f5 gxf5 31. exf5 Nc5 32. Kd4 Na4 33. Bxa4 bxa4 34. b4 axb3 35. h4 b2 36. Ke4 b1Q+ 37. Kf4 Re8 38. g4 f6 39. g5 Qe4+ 40. Kg3 Qxf5 41. gxf6 Qxf6 42. Kg4 Rg8+ 43. Kh3 Qf3+ 44. Kh2 Qg2# 0-1

[Event "Rhein Main op-B 18th"]
[Site "Bad Homburg"]
[Date "2015.06.06"]
[Round "5"]
[White "Tobias, Christian"]
[Black "Boerkey, Luis"]
[Result "0-1"]
[WhiteElo "1230"]
[BlackElo "1531"]
[PlyCount "74"]
[EventDate "2015.06.03"]
[EventType "swiss"]
[EventRounds "7"]
[EventCountry "GER"]
[SourceTitle "CBM 167 Extra"]
[Source "ChessBase"]
[SourceDate "2015.09.14"]
[SourceVersion "1"]
[SourceVersionDate "2015.09.14"]
[SourceQuality "1"]

1. e4 c5 2. Nc3 a6 3. Nf3 b5 4. d4 cxd4 5. Nxd4 Bb7 6. f3 Qb6 7. Bf4 e6 8. Bxb8 Rxb8 9. Qd2 Bc5 10. Nb3 Be3 11. Qd3 Nf6 12. Nd1 Bf4 13. g3 Be5 14. Nc3 0-0 15. 0-0-0 Rbc8 16. Be2 Rc7 17. f4 Bxc3 18. bxc3 Rfc8 19. Qd6 Qxd6 20. Rxd6 Rxc3 21. Bd3 Bxe4 22. Bxe4 Nxe4 23. Rxd7 Rxc2+ 24. Kb1 Re2 25. Rc1 Rxc1+ 26. Kxc1 g6 27. Kb1 Rxh2 28. Ra7 Nc3+ 29. Kc1 Rxa2 30. Nc5 Ne2+ 31. Kd1 Nxg3 32. Nd3 Ne4 33. Ne5 f6 34. Ng4 f5 35. Nh6+ Kf8 36. Rxh7 Rh2 37. Rh8+ Kg7 0-1